| 000 | 06723nam a22006017a 4500 | ||
|---|---|---|---|
| 005 | 20111005110312.0 | ||
| 010 | _aENG-103877 B-458895-924 | ||
| 020 |
_a9788120342934 _c450.00 |
||
| 035 | _aEN-87410 B-458895-924 | ||
| 037 | _bDBAD / PUB | ||
| 037 | _bRBC/Ven | ||
| 082 | _a620.00151 | ||
| 100 |
_aSrivastava, A.C. _91033 |
||
| 245 |
_aEngineering mathematics / _cby A.C. Srivastava [and] P.K. Srivastava |
||
| 260 |
_aNew Delhi _bPHI Learning _c2011 |
||
| 270 |
_aM-97 Connaught Circus _bNew Delhi _e110001 |
||
| 300 |
_aV.3(xvi,864p.) _c24cm (pbk) |
||
| 500 | _aIncludes index | ||
| 700 |
_924920 _aSrivastava, P.K. |
||
| 942 |
_2ddc _cEN _mSRI _h620.00151 |
||
| 999 |
_c57305 _d57305 |
||